000
00298nam a2200121Ia 4500
008
220204s9999 xx 000 0 und d
082
_a
054
_b
KOS
100
_a
Kostiner, Edward
245
0
_a
Fundamentals of chemistry
260
_a
New York
_b
Harcourt
_c
1979
700
_a
Rea, Jesse R
942
_c
BK
999
_c
33397
_d
33397